| 000 | 00622nam a2200205 4500 | ||
|---|---|---|---|
| 005 | 20260319064027.0 | ||
| 008 | 190426b1999 -us||||| |||| 00| 0 eng d | ||
| 020 | _a9781883707378 | ||
| 040 | _dAR-MoUNM | ||
| 082 |
_220 _aR340.03 _bWEST 521 |
||
| 100 | 1 |
_915495 _aWest III, Thomas L. |
|
| 245 | 1 | 0 |
_aSpanish-english dictionary of law and business / _cThomas L. West III. |
| 260 |
_aAtlanta : _bProtea Publishing, _cc1999. |
||
| 300 |
_a319 p. ; _c23 cm. |
||
| 650 | 7 |
_aDICCIONARIO _2unescot _993 |
|
| 650 | 7 |
_2unescot _9227 _aDERECHO |
|
| 650 | 7 |
_2unescot _9779 _aINGLES |
|
| 650 | 7 |
_2unescot _9867 _aESPAÑOL |
|
| 942 | _cSALA | ||
| 999 |
_c10823 _d10824 |
||